Science And Art Of Branding (Record no. 323552)

MARC details
000 -LEADER
fixed length control field 00435nam a2200157Ia 4500
008 - FIXED-LENGTH DATA ELEMENTS--GENERAL INFORMATION
fixed length control field 230718s9999 xx 000 0 und d
041 ## - LANGUAGE CODE
Language code of text/sound track or separate title eng
082 ## - DEWEY DECIMAL CLASSIFICATION NUMBER
Classification number 658.8'27
Item number FRA
100 ## - MAIN ENTRY--PERSONAL NAME
Personal name Franzen G.
9 (RLIN) 171644
245 ## - TITLE STATEMENT
Title Science And Art Of Branding
260 ## - PUBLICATION, DISTRIBUTION, ETC. (IMPRINT)
Date of publication, distribution, etc. 2009
Name of publisher, distributor, etc. Segment Books
300 ## - PHYSICAL DESCRIPTION
Extent 575
365 ## - TRADE PRICE
Currency code Rs.
Price amount 475.00
700 ## - ADDED ENTRY--PERSONAL NAME
Personal name Franzen G. & Moriarty S.
9 (RLIN) 190989
906 ## - LOCAL DATA ELEMENT F, LDF (RLIN)
d O:0050802-Feb-2010B:242324-Nov-2009
c GENRL
b 95
Holdings
Withdrawn status Lost status Damaged status Not for loan Home library Current library Date acquired Vendor Budget Code Cost, normal purchase price Bill number Total Checkouts Full call number Barcode Date last seen Discount Cost, replacement price Bill Date Koha item type Original Barcode
        Cummins College of Engineering for Women Pune Cummins College of Engineering for Women Pune 02/02/2010 Tbs GENRL 380.00 2423   658.8'27 CCEP-BK-34759 18/07/2023 95 475.00 24/11/2009 Books 034759